000 00406nam a2200157 i 4500
001 61432
003 ES-MaACL
005 20230906164444.0
007 t|
008 031112s1972 sp ||||1| cat d
245 0 0 _aEvolució económica 1971.
260 _a[Barcelona] :
_bBanca Catalana,
_c[1972]
300 _a87 p. ;
_c27 cm.
710 2 _aBanca Catalana.
_92086
852 _aES-MaACL
_jC-43986
_bR.83613
999 _c61432
_d61432